Statistics for Former Monarchies of the world

Click here to take the quiz!

General Stats

  • This quiz has been taken 435 times
  • The average score is 22 of 31

Answer Stats

DateLast sovereignAnswer% Correct
August 10th, 1792Louis XVIFrance
99%
March 15th, 1917Nicholas IIRussia
96%
November 9th, 1918Wilhelm IIGermany
94%
February 11th, 1979Mohammad Reza PahlaviIran
90%
June 12th, 1946Umberto IIItaly
90%
October 5th, 1910Manuel IIPortugal
90%
June 1st, 1970Constantine IIGreece
89%
January 7th, 1795Stanisław II AugustPoland
88%
February 12th, 1912PuyiChina
85%
July 14th, 1958Faisal IIIraq
85%
June 18th, 1953Fuad IIEgypt
81%
December 30th, 1947Michael IRomania
81%
November 15th, 1889Pedro IIBrazil
78%
September 15th, 1946Simeon IIBulgaria
78%
September 12th, 1974Haile Selassie IEthiopia
78%
May 28th, 2008GyanendraNepal
72%
September 14th, 1857Bahadur Shah IIIndia
70%
July 14th, 1920Faisal ISyria
68%
September 1st, 1969IdrisLibya
67%
April 7th, 1939Zog IAlbania
66%
November 29th, 1945Peter IIYugoslavia
66%
August 29th, 1910SunjongKorea
65%
November 12th, 1918Charles IAustria-Hungary
60%
December 2nd, 1975Sisavang VatthanaLaos
59%
July 17th, 1973Mohammed Zahir ShahAfghanistan
58%
November 1st, 1922Mehmed VIOttoman Empire
58%
September 26th, 1962Muhammad al-BadrNorth Yemen
54%
July 25th, 1957Muhammad VIIITunisia
52%
October 24th, 1951Tenzin GyatsoTibet
42%
September 20th, 1979Bokassa ICentral African Republic
35%
February 28th, 1897Ranavalona IIIMadagascar
28%

Score Distribution

Percentile by Number Answered

Percent of People with Each Score

Your Score History

You have not taken this quiz